Chyže pod horami : obrázek ze Slovenska / Božena Němcová ; [obrázky, obálka a vazba Karel Müller ; text přehlédl Rudolf Havel]
Ačkoliv byla Němcová v zoufalém duševním stavu, když psala tuto povídku, přec vznikl štěstím zářící, dojemně idealisovaný obrázek ze Slovenska. "Autorka kreslí velmi živě obrázek zámožného statku U Medvědů pod Ďumbierem,v němž sídlí rodina Žatných, pocházejících podle rodinné tradice z Čech. Mladý Sokol ze Sokolova zabloudí tam v bouřce před sv. Janem Křtitelem na svých toulkách Slovenskem, prožije rozkošné chvíle srdečného pohostinství, pálení ohňů o svatojanské noci, výlet na horskou salaš, a vzplane čistou, prudkou láskou k líbezné Katušce ... . Zasnoubení českého šlechtice se Slovenkou vyrovnává bolest, kterou kdysi dříve strýc ženichův rodině Žatných způsobil,zastřeliv n amedvědím honu nešťastnou náhodou Katuščina otce, a je zároveň symbolem československého sbratření. Konec povídky vyznívá posměšným tónem proti těm, kteří se Němcové posmívali pro její horování o slovenském lidu.(Paní Sauerschüllová čeká v Praze netrpělivě, až se Sokol vrátí z cesty a požádá o ruku její pyšné dcery. Místo Sokola však přijede jeho přítel a vypravuje, že se Bohuš na Slovensku oženil, a společnost trne hrůzou, jak se mohl šlechtic oženit s cikánkou)" [Václav Tille]
Record details
- Physical Description: 70 s. : barev. il. ; 8°
- Publisher: Praha : Družstevní práce, 1950
Content descriptions
| General Note: | Sázeno podle vydání z r. 1920 s přihlédnutím k vydání prvnímu z r. 1881 60000 výt. Vydáno pro členy Družstevní práce |
Search for related items by subject
| Genre: | české povídky Czech short stories |
Search for related items by series
Available copies
- 1 of 1 copy available at Common Catalog SPOK.
Holds
- 0 current holds with 1 total copy.
Show Only Available Copies
| Location | Call Number / Copy Notes | Barcode | Shelving Location | Status | Due Date |
|---|---|---|---|---|---|
| Hospic Dobrého Pastýře | BE-N
Tematická katagorie: Beletrie (BE) |
204595701653 | Knihovna | Available | - |
Electronic resources
Version of Resource: Digitalizovaný dokument
| LDR | 02708nam a22003731a 4500 | ||
|---|---|---|---|
| 001 | 29745 | ||
| 003 | CZ-PrJAB | ||
| 005 | 20171208133759.0 | ||
| 007 | ta | ||
| 008 | 980826s1950 xr a 000 1 cze | ||
| 015 | . | ‡acnb000677295 | |
| 020 | . | ‡q(Váz.) | |
| 035 | . | ‡a(CZ PrNK)bk195001998 | |
| 035 | . | ‡a(OCoLC)85436762 | |
| 040 | . | ‡aABA001 ‡bcze ‡cBOA001 ‡dABA001 | |
| 072 | 7. | ‡a821.162.3-3 ‡xČeská próza ‡2Konspekt ‡925 | |
| 080 | . | ‡a821.162.3-32 ‡2MRF | |
| 080 | . | ‡a(0:82-32) ‡2MRF | |
| 100 | 1 | . | ‡aNěmcová, Božena, ‡d1820-1862 ‡7jk01083016 ‡4aut |
| 245 | 1 | 0. | ‡aChyže pod horami : ‡bobrázek ze Slovenska / ‡cBožena Němcová ; [obrázky, obálka a vazba Karel Müller ; text přehlédl Rudolf Havel] |
| 260 | . | ‡aPraha : ‡bDružstevní práce, ‡c1950 ‡f(Knihtisk) | |
| 300 | . | ‡a70 s. : ‡bbarev. il. ; ‡c8° | |
| 490 | 1 | . | ‡aSlunovrat. Malá řada ; ‡v[sv.] 35 |
| 500 | . | ‡aSázeno podle vydání z r. 1920 s přihlédnutím k vydání prvnímu z r. 1881 | |
| 500 | . | ‡a60000 výt. | |
| 500 | . | ‡aVydáno pro členy Družstevní práce | |
| 520 | . | ‡aAčkoliv byla Němcová v zoufalém duševním stavu, když psala tuto povídku, přec vznikl štěstím zářící, dojemně idealisovaný obrázek ze Slovenska. "Autorka kreslí velmi živě obrázek zámožného statku U Medvědů pod Ďumbierem,v němž sídlí rodina Žatných, pocházejících podle rodinné tradice z Čech. Mladý Sokol ze Sokolova zabloudí tam v bouřce před sv. Janem Křtitelem na svých toulkách Slovenskem, prožije rozkošné chvíle srdečného pohostinství, pálení ohňů o svatojanské noci, výlet na horskou salaš, a vzplane čistou, prudkou láskou k líbezné Katušce ... . Zasnoubení českého šlechtice se Slovenkou vyrovnává bolest, kterou kdysi dříve strýc ženichův rodině Žatných způsobil,zastřeliv n amedvědím honu nešťastnou náhodou Katuščina otce, a je zároveň symbolem československého sbratření. Konec povídky vyznívá posměšným tónem proti těm, kteří se Němcové posmívali pro její horování o slovenském lidu.(Paní Sauerschüllová čeká v Praze netrpělivě, až se Sokol vrátí z cesty a požádá o ruku její pyšné dcery. Místo Sokola však přijede jeho přítel a vypravuje, že se Bohuš na Slovensku oženil, a společnost trne hrůzou, jak se mohl šlechtic oženit s cikánkou)" [Václav Tille] | |
| 655 | 7. | ‡ačeské povídky ‡7fd133971 ‡2czenas | |
| 655 | 9. | ‡aCzech short stories ‡2eczenas | |
| 700 | 1 | . | ‡aMüller, Karel, ‡d1899-1977 ‡7jk01082438 ‡4ill |
| 830 | 0. | ‡aSlunovrat. ‡pMalá řada | |
| 856 | 4 | 1. | ‡uhttp://kramerius4.nkp.cz/search/handle/uuid:8e2ecb00-4548-11e3-ad8c-005056827e52 ‡yDigitalizovaný dokument |
| 910 | . | ‡aBNE702 | |
| 964 | . | ‡aSlovensko - povídky | |
| 998 | . | ‡a000677295 | |
| 901 | . | ‡a29745 ‡b ‡c29745 ‡tbiblio | |